000
00326nam a2200133Ia 4500
008
190723s9999 xx 000 0 und d
020
_a
978-0-19-479880-8
100
_a
A.S Hornby
245
0
_a
Oxford Advanced Learner's Dictionary
250
_a
9th
260
_a
UK
_b
Oxford Uni Press
_c
2015
300
_a
1852.:p
942
_c
BK
999
_c
1718
_d
1718